weed growth on different soil types in kandal province (រុក្ខជាតិចង្រៃដុះទៅលើប្រភេទ ដី​ផ្សេង២ នៅខេត្តកណ្តាល) (Record no. 885)

000 -LEADER
fixed length control field 00563nam a22001577a 4500
003 - CONTROL NUMBER IDENTIFIER
control field OSt
005 - DATE AND TIME OF LATEST TRANSACTION
control field 20150920103205.0
008 - FIXED-LENGTH DATA ELEMENTS--GENERAL INFORMATION
fixed length control field 150920b xxu||||| |||| 00| 0 eng d
040 ## - CATALOGING SOURCE
Transcribing agency RUA
082 ## - DEWEY DECIMAL CLASSIFICATION NUMBER
Classification number AGR BUN 2008 B037 Or.1
100 ## - MAIN ENTRY--PERSONAL NAME
9 (RLIN) 919
Personal name BUNRY, RINDA.
245 ## - TITLE STATEMENT
Title weed growth on different soil types in kandal province (រុក្ខជាតិចង្រៃដុះទៅលើប្រភេទ ដី​ផ្សេង២ នៅខេត្តកណ្តាល)
260 ## - PUBLICATION, DISTRIBUTION, ETC. (IMPRINT)
Place of publication, distribution, etc. Phnom Penh
Name of publisher, distributor, etc. RUA
Date of publication, distribution, etc. 2008
300 ## - PHYSICAL DESCRIPTION
Extent 40p.
Other physical details ill.
Dimensions 29cm.
942 ## - ADDED ENTRY ELEMENTS (KOHA)
Source of classification or shelving scheme
Koha item type AGR
Holdings
Price effective from Date last seen Permanent Location Not for loan Date acquired Source of classification or shelving scheme Koha item type Lost status Withdrawn status Date last checked out Total Checkouts Shelving location Damaged status Barcode Current Location Full call number
2015-09-202016-08-12Library Block B 2015-09-20 AGR  2016-07-251B037 RUA000206Library Block BAGR BUN 2008 B037 Or.1
2015-09-202015-09-20Library Block B 2015-09-20 AGR    B037 RUA000205Library Block BAGR BUN 2008 B037 Or.2
2015-09-202015-09-20Library Block B 2015-09-20 AGR    B037 RUA000062Library Block BAGR BUN 2008 B037 Or.3
2015-09-202015-09-20Library Block B 2015-09-20 AGR    B037 RUA000070Library Block BAGR BUN 2008 B037 Or.4
2015-09-202015-09-20Library Block B 2015-09-20 AGR    B037 RUA000134Library Block BAGR BUN 2008 B037 Or.5
2015-09-202015-09-20Library Block B 2015-09-20 AGR    B037 RUA000071Library Block BAGR BUN 2008 B037 Or.6
2015-09-202015-09-20Library Block B 2015-09-20 AGR    B037 RUA000142Library Block BAGR BUN 2008 B037 Or.7
2015-09-202015-09-20Library Block B 2015-09-20 AGR    B037 RUA000215Library Block BAGR BUN 2008 B037 Or.8
2015-09-202015-09-20Library Block B 2015-09-20 AGR    B037 RUA44259Library Block BAGR BUN 2008 B037 Or.10
មជ្ឈមណ្ឌលឯការនៃសាកលវិទ្យាល័យភូមិន្ទកសិកម្មចំការដូង

Powered by Koha